00389nam a2200169Ia 4500008004100000041000800041082002200049100001500071245003000086260004200116300000800158365000700166500001400173501000800187520000700195650001700202230725s1993 xx 000 0 und d aeng a612.015bLEH /COX aLENH ,COXP aPRINCIPLE OF BIOCHEMISTRY bC.B.S. PUBLISHERS & DISTRUTORS c1993 a984 h20 aTEXT BOOK aBCP aHB aBIOCHEMISTRY